Southville International School and Colleges
Your cart is empty.
  • Cart
  • Lists
    Public lists Eva Luna New books Lux_list list_1
    Your lists Log in to create your own lists
  • Log in to your account
  • Your cookies
  • Search history
Southville International School and Colleges
  • Advanced search
  • Recent comments
  • Most popular
  • Libraries

Log in to your account

Log in with GOOGLE


If you do not have an external account, but do have a local account, you can still log in:

  1. Home
  2. MARC view: Robbery at the mall /
Normal view MARC view ISBD view

Robbery at the mall / (Record no. 10779)

[ view plain ]
MARC details
000 -LEADER
fixed length control field 01422cam a22003855a 4500
001 - CONTROL NUMBER
control field 16947271
003 - CONTROL NUMBER IDENTIFIER
control field OSt
005 - DATE AND TIME OF LATEST TRANSACTION
control field 20140310182225.0
008 - FIXED-LENGTH DATA ELEMENTS--GENERAL INFORMATION
fixed length control field 110903s1994 nyu j 000 1 eng d
010 ## - LIBRARY OF CONGRESS CONTROL NUMBER
LC control number 2011489849
020 ## - INTERNATIONAL STANDARD BOOK NUMBER
International Standard Book Number 0553481169 (pbk.)
020 ## - INTERNATIONAL STANDARD BOOK NUMBER
International Standard Book Number 9780553481167 (pbk.)
035 ## - SYSTEM CONTROL NUMBER
System control number (OCoLC)ocm30834955
040 ## - CATALOGING SOURCE
Original cataloging agency TFP
Transcribing agency TFP
Modifying agency JED
-- OCL
-- OCLCQ
-- BTCTA
-- BAKER
-- NZRPM
-- VVW
-- C#L
-- DLC
042 ## - AUTHENTICATION CODE
Authentication code lccopycat
050 00 - LIBRARY OF CONGRESS CALL NUMBER
Classification number PZ 7
Item number .Su968s81 1994
082 04 - DEWEY DECIMAL CLASSIFICATION NUMBER
Classification number FIC
Item number SU9sv #81 1994
100 1# - MAIN ENTRY--PERSONAL NAME
Personal name Suzanne, Jamie.
9 (RLIN) 4455
245 10 - TITLE STATEMENT
Title Robbery at the mall /
Statement of responsibility, etc written by Jamie Suzanne ; created by Francine Pascal.
260 ## - PUBLICATION, DISTRIBUTION, ETC. (IMPRINT)
Place of publication, distribution, etc New York :
Name of publisher, distributor, etc Bantam Books,
Date of publication, distribution, etc 1994.
300 ## - PHYSICAL DESCRIPTION
Extent 138 p. ;
Dimensions 20 cm.
490 1# - SERIES STATEMENT
Series statement Sweet Valley twins and friends ;
Volume number/sequential designation 81
500 ## - GENERAL NOTE
General note At head of cover title: Stop! thief!
520 ## - SUMMARY, ETC.
Summary, etc Elizabeth and Maria are at the mall filming with Maria's new video camera when a nearby jewelry store is robbed.
650 #0 - SUBJECT ADDED ENTRY--TOPICAL TERM
Topical term or geographic name as entry element Robbery
Form subdivision Juvenile fiction.
9 (RLIN) 17670
650 #0 - SUBJECT ADDED ENTRY--TOPICAL TERM
Topical term or geographic name as entry element Shopping malls
Form subdivision Juvenile fiction.
9 (RLIN) 17671
700 1# - ADDED ENTRY--PERSONAL NAME
Personal name Pascal, Francine.
9 (RLIN) 3767
710 2# - ADDED ENTRY--CORPORATE NAME
Corporate name or jurisdiction name as entry element Copyright Paperback Collection (Library of Congress)
Institution to which field applies DLC
9 (RLIN) 705
740 0# - ADDED ENTRY--UNCONTROLLED RELATED/ANALYTICAL TITLE
Uncontrolled related/analytical title Stop! thief! robbery at the mall.
830 #0 - SERIES ADDED ENTRY--UNIFORM TITLE
Uniform title Sweet Valley twins and friends ;
Volume number/sequential designation 81.
9 (RLIN) 17672
906 ## - LOCAL DATA ELEMENT F, LDF (RLIN)
a 0
b ibc
c copycat
d 2
e ncip
f 20
g y-genrareb
942 ## - ADDED ENTRY ELEMENTS (KOHA)
Source of classification or shelving scheme Library of Congress Classification
Koha item type
Holdings
Withdrawn status Lost status Source of classification or shelving scheme Damaged status Home library Current library Shelving location Date acquired Total Checkouts Full call number Barcode Date last seen Copy number Price effective from Koha item type
    Library of Congress Classification   Luxembourg Library Luxembourg Library Fiction Section 09/10/2013   PZ 7 .Su968s81 1994 3174 05/27/2015 1 09/10/2013 Books

Robbery at the mall /

APA

Suzanne J., Pascal F. & Copyright Paperback Collection (Library of Congress). (1994). Robbery at the mall. New York: Bantam Books.

Chicago

Suzanne Jamie, Pascal Francine and Copyright Paperback Collection (Library of Congress). 1994. Robbery at the mall. New York: Bantam Books.

Harvard

Suzanne J., Pascal F. and Copyright Paperback Collection (Library of Congress). (1994). Robbery at the mall. New York: Bantam Books.

MLA

Suzanne Jamie, Pascal Francine and Copyright Paperback Collection (Library of Congress). Robbery at the mall. New York: Bantam Books. 1994.

  • Place hold
  • Print
  • Cite
  • Add to your cart (remove)
  • Save record
    BIBTEX Dublin Core MARCXML MARC (non-Unicode/MARC-8) MARC (Unicode/UTF-8) MARC (Unicode/UTF-8, Standard) MODS (XML) RIS
  • More searches
    Search for this title in:
    Other Libraries (WorldCat) Other Databases (Google Scholar) Online Stores (Bookfinder.com) Open Library (openlibrary.org)

Exporting to Dublin Core...

SOUTHVILLE LIBRARY

Southville International School and Colleges Library

1281 Tropical Ave. Cor. Luxembourg St., BF Homes International, Las Pinas City

Tel. No. 8256374 / 252358 Loc. 117/146

Powered by Koha